Englizismen in der deutschen Wirtschaftssprache

Enregistré dans:
Détails bibliographiques
Auteur principal: Mátyás, Judit
Format: Chapitre de livre
Langue:allemand
Sujets:
Tags: Ajouter un tag
Pas de tags, Soyez le premier à ajouter un tag!

MARC

LEADER 00000naa$a2200000$$$4500
001 0033051
005 20221207121540.0
041 0 |a ger 
044 |a SK 
245 1 0 |a Englizismen in der deutschen Wirtschaftssprache  |c Judit Mátyás 
610 2 0 |a nemčina 
610 2 0 |a terminológia 
610 2 0 |a jazykoveda 
610 2 0 |a výučba vedecká 
610 2 0 |a jazyky cudzie 
610 2 0 |a pojmy 
610 2 0 |a angličtina 
100 1 |a Mátyás, Judit